| 000 | 00657nam a22002177a 4500 | ||
|---|---|---|---|
| 005 | 20130501113601.0 | ||
| 010 | _aENG-106921 | ||
| 020 |
_a9789350515501 _c340.00 |
||
| 035 | _aEN-90454 | ||
| 037 | _bDBAD/PUB | ||
| 082 | _a658.15 | ||
| 100 | _aVivek | ||
| 245 |
_aFinancial risk management / _cby Vivek [and] P.N. Asthana |
||
| 250 | _a2nd rev. ed | ||
| 260 |
_aMumbai _bHimalaya Publishing House _c2012 |
||
| 270 |
_a'"Ramdoot'', Dr. Bhalerao Marg, Girgaon _bMumbai _e400004 |
||
| 300 |
_a400p. _c24cm(pbk) |
||
| 500 | _aIncludes bibliographical references and index | ||
| 700 | _aAsthana, P.N. | ||
| 942 |
_2ddc _cEN _h658.15 _mVIV |
||
| 999 |
_c74880 _d74880 |
||